[Event "Pan American-ch School U11 12th"]
[Site "Callao"]
[Date "2023.10.21"]
[Round "9"]
[White "Santiago Perez, Luis Yamil"]
[Black "Vilca Contreras, Dante Ivan"]
[Result "1/2-1/2"]
[WhiteElo "1570"]
[BlackElo "1557"]
[PlyCount "55"]
[EventDate "2023.10.16"]
[EventType "swiss"]
[EventRounds "9"]
[EventCountry "PER"]
[SourceTitle "CB48_2023"]
[SourceDate "2023.11.29"]
[SourceVersion "1"]
[SourceVersionDate "2023.11.29"]
[SourceQuality "1"]

1. e4 c5 2. Nf3 d6 3. d4 Nf6 4. Bd3 cxd4 5. Nxd4 Nc6 6. c3 e6 7. Nd2 Be7 8. h3 0-0 9. 0-0 d5 10. Nxc6 bxc6 11. e5 Nd7 12. Qh5 f5 13. Nf3 Qe8 14. Qxe8 Rxe8 15. Re1 c5 16. c4 d4 17. b4 Bb7 18. b5 a6 19. Nd2 axb5 20. cxb5 Nb6 21. Nc4 Nxc4 22. Bxc4 Bd5 23. Bxd5 exd5 24. e6 Rab8 25. Re5 Rxb5 26. Rxd5 Rb6 27. Rxf5 Rxe6 28. Bf4 1/2-1/2

[Event "South America-ch Rapid 1st"]
[Site "Lima"]
[Date "2023.09.17"]
[Round "8"]
[White "Delgado Romero, Marco"]
[Black "Santiago Perez, Luis Yamil"]
[Result "1-0"]
[WhiteElo "2316"]
[BlackElo "1570"]
[PlyCount "167"]
[EventDate "2023.09.16"]
[EventType "swiss (rapid)"]
[EventRounds "9"]
[EventCountry "PER"]
[SourceTitle "EXT 2024"]
[Source "ChessBase"]
[SourceDate "2023.10.10"]
[SourceVersion "1"]
[SourceVersionDate "2023.10.10"]
[SourceQuality "1"]

1. e4 c5 2. Nf3 e6 3. d4 cxd4 4. Nxd4 a6 5. Bd3 Nf6 6. Qe2 Nc6 7. Nxc6 bxc6 8. e5 Nd5 9. a3 d6 10. c4 Nc7 11. exd6 Bxd6 12. 0-0 Bb7 13. Rd1 Qe7 14. Nc3 0-0 15. Bxh7+ Kxh7 16. Qd3+ Kg8 17. Qxd6 Qxd6 18. Rxd6 Rad8 19. Bf4 Rxd6 20. Bxd6 Rc8 21. Rd1 Ne8 22. Bc5 Nf6 23. f3 e5 24. Bd6 Nd7 25. Re1 Nb6 26. b3 f6 27. f4 exf4 28. Bxf4 c5 29. Ne4 Bxe4 30. Rxe4 Rc6 31. Re7 a5 32. a4 g5 33. Bg3 Kf8 34. Rc7 Re6 35. Rxc5 Re3 36. Rb5 Nd7 37. Kf2 Rc3 38. Ke1 Rc2 39. Kd1 Rb2 40. c5 Ne5 41. Bxe5 fxe5 42. c6 Ke7 43. Kc1 Rxg2 44. Rd5 Rg1+ 45. Kb2 Rg2+ 46. Kc3 Rg1 47. Rxe5+ Kd6 48. Rxa5 Kxc6 49. Rf5 Rg4 50. b4 Kb6 51. Rf6+ Kb7 52. a5 Rh4 53. Rg6 Rxh2 54. Rxg5 Rh4 55. Rg6 Rf4 56. Kb3 Re4 57. Ka4 Rf4 58. Rb6+ Ka7 59. Rc6 Kb7 60. Rc5 Rf7 61. Kb5 Ka7 62. a6 Re7 63. Ka5 Re1 64. Rc7+ Kb8 65. Rg7 Ka8 66. Rc7 Kb8 67. Kb6 Re6+ 68. Rc6 Re8 69. Rd6 Ka8 70. b5 Rc8 71. Rd7 Rh8 72. Kc6 Rc8+ 73. Rc7 Rg8 74. b6 Rg6+ 75. Kb5 Rg5+ 76. Rc5 Rg8 77. b7+ Ka7 78. Rc8 Rg5+ 79. Kc4 Rg4+ 80. Kd5 Rg5+ 81. Ke4 Rg4+ 82. Kf5 Rb4 83. Ra8+ Kb6 84. b8Q+ 1-0